000 00667nam a22002052 4500
001 0000008921
005 20151217152043.0
008 080619s xx 000 0 eng d
020 _a0851112838 :
_cKES 830
040 _aKABU
_cKABU
100 1 _aJones, James.
_@0000159715
245 1 4 _aThe Moral leader :
_bfor the church and the world /
_cJames Jones.
260 _aLeicester, England :
_bIVP,
_c2002.
300 _a160 p. ;
_c.
650 0 _aLeadership
_xReligious aspects
_xChristianity.
_@0000149203
852 1 _9p830 KES
908 _a080619
950 _@1
999 _c7760
_d7760